Runy - magické písmo Vikingov

Bibliographic Details
Main Author: Kovár, Branislav, 1977- (Author)
Format: Article
Language:Slovak
PhysicalDescription:Fotogr.
ISSN:1335-6550
Subjects:

MARC

LEADER 00000nab a2200000 a 4500
001 vtls010193581
003 SK-MaSNL
005 20260304155940.0
008 250507|2010 xo |||||||||||||| b|slo
015 |a SNBRA2010/11  |2 snkbucl 
035 |a (uuid)0fdc0cce-6ed8-4e0d-8833-3041f8cb3511 
035 |a urn:nbn:sk:snk-ab17bz 
035 |a (urnnbn)urn:nbn:sk:snk:ar-004xsd 
038 |a SNKBUCL 
040 |a SNKBUCL  |b slo  |c SNKBUCL  |e AACR2 
041 0 |a slo 
044 |a xo  |c SK 
080 |a 003.345(=113)  |2 2001 
080 |a 94(=113)  |2 2001 
100 1 |a Kovár, Branislav,  |d 1977-  |4 aut  |9 104712 
245 1 0 |a Runy - magické písmo Vikingov  |c Branislav Kovár 
300 |b Fotogr. 
650 0 7 |a magické písmo  |2 snkbucl  |9 1482263 
650 0 7 |a Vikingovia  |2 snkbucl  |9 73438 
650 0 7 |a runy  |2 snkbucl  |9 49738 
773 0 |t Historická revue  |g Roč. XXI, č. 11 (2010), s. 13  |x 1335-6550 
850 |a Slovenská národná knižnica 
852 |a Slovenská národná knižnica 
954 |a odborná, vedecká literatúra pôvodná (slovenská)  |2 lita 
958 |a article27 
958 |a OND 
958 |a EUIPO 
999 |c 2964751  |d 2966681